Most Streamed Australian Artists on Spotify - Statistics

General Stats
  • This quiz has been taken 18 times
  • The average score is 3 of 16
Answer Stats
# Artist Streams % Correct
2 AC/DC 13.9B
50%
14 Kylie Minogue 3.2B
44%
1 Sia 20.1B
39%
5 Tame Impala 9.7B
28%
3 The Kid LAROI 11.9B
28%
10 Tones And I 5.1B
28%
15 Iggy Azalea 3.2B
22%
8 Vance Joy 6.7B
17%
4 5 Seconds of Summer 10.6B
11%
9 Dean Lewis 5.9B
6%
11 Flume 4.5B
6%
6 Troy Sivan 8.0B
6%
7 Chase Atlantic 7.0B
0%
12 Hillsong UNITED 3.9B
0%
13 Hillsong Worship 3.4B
0%
16 RÜFÜS DU SOL 3.0B
0%
No matching quizzes found
Score Distribution
Percent of People with Each Score
Percentile by Number Answered
Your Score History
You have not taken this quiz